Rozhodovanie o lokalizácii investícii z hľadiska ich územného dopadu čiastková výskumná úloha SPEV 902 003/04

Salvato in:
Dettagli Bibliografici
Natura: Libro
Lingua:slovacco
Pubblicazione: Bratislava Vysoká škola ekonomická 1983
Tags: Aggiungi Tag
Nessun Tag, puoi essere il primo ad aggiungerne!!

MARC

LEADER 00000nam a2200000 4500
001 c116473
005 20250709070804.9
041 0 |a slo 
044 |a SK 
245 1 0 |a Rozhodovanie o lokalizácii investícii z hľadiska ich územného dopadu  |b čiastková výskumná úloha SPEV 902 003/04 
264 1 |a Bratislava  |b Vysoká škola ekonomická  |c 1983 
300 |a 67 s.